000 00535nam a2200217Ia 4500
003 OSt
005 20221005125949.0
006 a|||||r|||| 00| 0
007 ta
008 221004b |||||||| |||| 00| 0 eng d
024 _a59893
037 _cTextual
040 _aCRL
_cCRL
_beng
041 _2eng
_aeng
082 _aV2:28:K5, H1
100 _aSaran P
245 0 _aProvincial government of the Mughals 1526-1658
260 _c1941
942 _hV2:28:K5, H1
_cTEXL
_2cc
999 _c1055639
_d1055639